Metallica Lyrics – #21: Welcome Home (Sanitarium) - Statistics

General Stats
  • This quiz has been taken 48 times
  • The average score is 156 of 203
Answer Stats
Answer % Correct
a
100%
be
100%
Leave
100%
leave
100%
me
100%
No
100%
no
100%
Sanitarium
100%
we
100%
will
100%
alone
96%
and
96%
Just
96%
to
96%
I
91%
leaves,
91%
on
91%
one
91%
see
91%
still
91%
the
91%
The
91%
Welcome
91%
where
91%
you
91%
in
87%
is
87%
it
87%
it,
87%
my
87%
reality
87%
stands
87%
this
87%
time
87%
win
87%
can
83%
Can't
83%
can't
83%
do
83%
Dream
83%
dream
83%
friend,
83%
keep
83%
Keep
83%
locked
83%
make
83%
thing
83%
up
83%
well
83%
brain
78%
change
78%
damn
78%
doors,
78%
every
78%
getting
78%
Listen
78%
night
78%
same
78%
scarred
78%
seem
78%
Sleep
78%
They
78%
they
78%
things
78%
us
78%
air
74%
better,
74%
freedom
74%
hell
74%
He's
74%
never
74%
now
74%
our
74%
out
74%
seems
74%
Seems
74%
sight
74%
tell?
74%
why
74%
windows
74%
cage
70%
deranged
70%
from
70%
it's
70%
labelled
70%
mentally
70%
more
70%
says
70%
their
70%
think
70%
Got
65%
hands
65%
of
65%
only
65%
plans
65%
"rage"?
65%
right,
65%
that
65%
violent
65%
way
65%
are
61%
barred
61%
brings
61%
For
61%
friendly
61%
I'm
61%
insane
61%
Kill,
61%
restless
61%
saves
61%
some
61%
word
61%
breathe
57%
But
57%
Cannot
57%
death
57%
full,
57%
him
57%
Moon
57%
Mutiny
57%
open
57%
such
57%
fear
52%
Fear
52%
heads
52%
makes
52%
Mirror
52%
there
52%
tied,
52%
again
48%
Assuring
48%
into
48%
living
48%
reaching
48%
use
48%
Whisper
48%
back
43%
what's
43%
stares
39%
Natives
35%
hard
30%
Build
22%
No matching quizzes found
Score Distribution
Percent of People with Each Score
Percentile by Number Answered
Your Score History
You have not taken this quiz